LEADER 00481nab a2200145 i 4500 001 000000267880 003 CaOOAMICUS 005 20180831164800.0 008 180831n xx uu u0 0und r 013 $a12597 040 $aSeMil$bita 245 10$a[vedi periodico]. 500 $aNovembre 1966. 773 0 $tAtti del Convegno su "I cattolici democratici e la politica estera in Italia".$dMilano : Centro G. Puecher, 1966.$w()161621 996 $6245$a[vedi periodico]$9(OLS)http://semarc/title/309439 LEADER 00514nab a2200145 i 4500 001 000000284791 003 CaOOAMICUS 005 20180831165301.0 008 180831n xx uu u0 0und r 013 $a38129 040 $aSeMil$bita 245 10$a[SENZA TITOLO]. [Pre adolescenti]. 500 $aGennaio 1971, Anno 40. 773 0 $tPre adolescenti ; Adolescenti e giovani : 1971.$dTorino : Ufficio Catechistico Centrale Salesiano, 1971.$w()239226 996 $6245$a[SENZA TITOLO]. [Pre adolescenti]$9(OLS)http://semarc/title/365679